00390pab a2200133 454500008004000000100002100040245010200061260000900163300001400172362001200186650001000198700001500208773003300223180718b2009 xxu||||| |||| 00| 0 eng d aAlbalate, Daniel aWhat local policy makers should know about urban road charging: lessons from worldwide experience c2009 ap.962-75. aSep-Oct aRoads aBel, Germa aPublic Administration Review